El Estatuto de Roma : de la Corte Penal Internacional /

Contiene: Defensa penal ante el tribunal de la ONU para la ex Yugoslavia; Justicia penal y paz; Sobre el fundamento jurídico de la Corte Penal Internacional (CPI); Establecimiento, organización y financiamiento de la CPI; El régimen de la competencia de la CPI; La CPI: la lucha por su competencia y...

Descripció completa

Guardat en:
Dades bibliogràfiques
Autor principal: Ambos, Kai (comp.)
Altres autors: Guerrero, Oscar Julián (compilación) (compilación)
Format: Llibre
Idioma:espanyol
Publicat: Bogotá, Colombia : Universidad Externado de Colombia, 1999, c1999
Matèries:
Etiquetes: Afegir etiqueta
Sense etiquetes, Sigues el primer a etiquetar aquest registre!

MARC

LEADER 00000nam^a2200000^a^4500
001 000153432
005 20250521000000.0
009 20260310100319.335
020 |a 958-616-421-7 
037 |a Acervo ITESO - Biblioteca 
041 |a ESP 
082 |a 341. 77  |b AMB 
100 |a Ambos, Kai  |e (comp.) 
245 1 3 |a El Estatuto de Roma :  |b de la Corte Penal Internacional /  |c Comp. de K. Ambos, O.J. Guerrero. 
264 4 |a Bogotá, Colombia :  |b Universidad Externado de Colombia,  |c 1999, c1999 
300 |a 512 p. 
336 |a texto  |b txt  |2 rdacontenido 
337 |a sin mediación  |b n  |2 rdamedio 
338 |a volumen  |b nc  |2 rdasoporte 
520 |a Contiene: Defensa penal ante el tribunal de la ONU para la ex Yugoslavia; Justicia penal y paz; Sobre el fundamento jurídico de la Corte Penal Internacional (CPI); Establecimiento, organización y financiamiento de la CPI; El régimen de la competencia de la CPI; La CPI: la lucha por su competencia y alcance; La jurisdicción rationae materiae de la CPI; Principios generales del derecho penal en el Estatuto de la CPI; Investigación, juicio y apelación: el proceso penal en el Estatuto de la CPI; Sanciones penales, ejecución penal y cooperación en el Estatuto de la CPI. 
649 |a XX 
650 |a Corte Penal Internacional 
650 |a Justicia -  |x Administración 
650 |a Crímenes de Guerra -  |x Aspectos Jurídicos 
650 |a Guerra y Paz -  |x Aspectos Jurídicos 
650 |a Violencia Política -  |x Aspectos Jurídicos 
650 |a Guerra Yugoslava, 1991-1996 -  |x Aspectos Jurídicos 
650 |a Tribunales Penales 
650 |a Tribunales Internacionales 
650 |a Derecho Penal 
650 |a Derecho Internacional Público 
650 |a Derechos Humanos 
700 |a Guerrero, Oscar Julián  |e (compilación) 
910 |a Fondo General 
920 |a Impresos - Libros 
930 |a Colección General 
905 |a 101 
901 |a 0500082029  |b IT1  |c ACC  |u 20250521 
902 |a https://opac.biblio.iteso.mx/vufind/Record/000153432